00781cam a2200253 a 4500001000800000005001700008008004100025010001700066020002200083020002200105040001800127041000800145043001200153080001400165082001800179100000700197101000800204245006400212504006400276906004500340942001200385999001700397952011300414256653220180214033847.0950324s1994 enk b 001 0 eng  a 95131301  a0198288786 (pbk.) a0198288778 (hard) aDLCcDLCdDLC aeng ae-uk--- a658.4 BUR00a658.4 BUR2201 a54 aMEN14aThe management of innovation /cTom Burns and G.M. Stalker. aIncludes bibliographical references (p. 263-266) and index. a7bcbccorignewd2encipf19gy-gencatlg 2ddccBK c42455d42455 00102udc40708PËKGa002b002cPËKGd2018-02-14l0o658.4 BURp002-2998234r2018-02-14w2018-02-14yBK